000
00405nam a2200133Ia 4500
008
100328s9999 xx 000 0 und d
082
_b
71801
100
_a
वेलणकर विवेक
245
_a
करिअर प्लॅनिंग
260
_b
सकाळ.
630
_a
करिअर प्लॅनिंग
730
_a
करिअर प्लॅनिंग
942
_c
BOOK
999
_c
557524
_d
557521